Angry Birds Character Quiz - Statistics

General Stats
  • This quiz has been taken 657 times
  • The average score is 9 of 13
Answer Stats
Affilation Hint Answer % Correct
Birds Regular bird Red
99%
Birds Blows up Bomb
96%
Birds Speedy Chuck
93%
Birds Drops Eggs Matilda
83%
Pigs Leader King Pig
72%
Birds Makes bubbles Stella
67%
Birds Boomerang Hal
66%
Birds Puffs up Bubbles
65%
Pigs Cook Chef Pig
63%
Pigs Regular Pig
63%
Birds Big Terrence
59%
Pigs Big orange mustache Foreman Pig
36%
Pigs Has helmet Soldier Pig
21%
No matching quizzes found
Score Distribution
Percent of People with Each Score
Percentile by Number Answered
Your Score History
You have not taken this quiz